Understanding dBase III plus
| Main Author: | |
|---|---|
| Format: | Book |
| Published: |
Singapore :
Tech Pub. ,
1986
|
| Subjects: |
MARC
| LEADER | 00000cam a2200000 7i4500 | ||
|---|---|---|---|
| 001 | 0000002369 | ||
| 005 | 20030531.0 | ||
| 020 | 0 | 0 | |a 9971845628 |
| 090 | 0 | 0 | |a 005.7565 |b SIM 1986 |
| 100 | 1 | 0 | |a SIMPSON |h Alan |c 1953- |
| 245 | 1 | 0 | |a Understanding dBase III plus |c Alan Simpson |
| 260 | 0 | 0 | |a Singapore : |b Tech Pub. , |c 1986 |
| 300 | |a xxiv, 415 p. : |b ill. ; |c 22 cm. | ||
| 500 | 0 | 0 | |a Includes index |
| 650 | 0 | 0 | |a Database management |
| 998 | |a JPSM | ||
| 999 | |a 0000004254 |b Monograph |c Open Shelf |e Default branch | ||